| 000 | 00377nam a22001217a 4500 | ||
|---|---|---|---|
| 999 |
_c1942 _d1942 |
||
| 005 | 20200907105018.0 | ||
| 008 | 200907b ||||| |||| 00| 0 eng d | ||
| 020 | _a0335192491 | ||
| 040 | _cCML | ||
| 245 |
_aUnderstanding Soccer Hooliganism. _cKerr, J.H. |
||
| 260 |
_aBuckingham _bOpen University Press _c1994 |
||
| 942 |
_2ddc _cBK _e1st Edition _h796.3343036 _mKER |
||